Voitures Toyota actuelles - Statistiques

Statistiques générales
  • Ce quiz a été pris 543 fois
    489 depuis la dernière actualisation
  • Le résultat moyen est 6 sur 14
Statistiques - réponses
Catégorie(s) Toyota Modèle % Correct
Citadine / Sportive / SUV / 4x4 / Hybride et électrique Yaris
88%
Sportive Supra
72%
Familiale / Hybride et électrique Corolla
64%
Familiale / 4x4 / SUV / Hybride et électrique RAV4
61%
Citadine AYGO
57%
Familiale / SUV / Hybride et électrique C-HR
49%
Familiale / Hybride et électrique Prius
45%
Familiale / 4x4 Land Cruiser
34%
Utilitaire / 4x4 Hilux
29%
Familiale / Hybride et électrique Camry
27%
Utilitaire / Hybride et électrique PROACE
26%
Familiale / Hydrogène Mirai
24%
Familiale / 4x4 / SUV / Hybride et électrique Highlander
20%
Familiale / SUV / Hybride et électrique bZ4X
11%
Aucun quiz correspondant
Distribution des résultats
% des personnes avec chaque résultat
Percentile par nombre de réponses
Votre historique - résultats
Vous n’avez pas pris ce quiz depuis la dernière actualisation